| 000 | 00530nam a2200169 i 4500 | ||
|---|---|---|---|
| 001 | 41442 | ||
| 003 | ES-MaACL | ||
| 005 | 20230906160429.0 | ||
| 007 | t| | ||
| 008 | 030310s1967 sp ||||1| spa d | ||
| 100 | 1 |
_aCasal Martínez, Federico. _936056 |
|
| 245 | 1 | 0 |
_aCartageneros ilustres / _cFederico Casal Martínez ; edición y prólogo de Alberto Colao. |
| 260 |
_aCartagena : _bAthenas, _c[1967] |
||
| 300 |
_a72 p. : _b3 lám. retr. ; _c20 cm. |
||
| 700 | 1 |
_aColao, Alberto. _939546 |
|
| 852 |
_aES-MaACL _jC-33093 _bR.63868 |
||
| 999 |
_c41442 _d41442 |
||